Faculty of Law Library — Cairo University

Official Online Catalog

Balthazaris Ayalae i.c. et exercitus regii apud belgas supremi juridici De jure et officiis bellicis et disciplina militari libri III. (Record no. 48268)

MARC details
000 -LEADER
fixed length control field 01455naa a22003257i 4500
003 - CONTROL NUMBER IDENTIFIER
control field EG-GICUC
005 - DATE AND TIME OF LATEST TRANSACTION
control field 20260121101428.0
008 - FIXED-LENGTH DATA ELEMENTS--GENERAL INFORMATION
fixed length control field 251203s1912 us ||||fr|||| ||0 | lat d
040 ## - CATALOGING SOURCE
Original cataloging agency EG-GiCUC
Language of cataloging eng
Transcribing agency EG-GiCUC
Modifying agency EG-GiCUC
Description conventions Rda
082 04 - DEWEY DECIMAL CLASSIFICATION NUMBER
Edition number 21
Classification number 341.60493
Item number BA . B
092 04 - LOCALLY ASSIGNED DEWEY CALL NUMBER (OCLC)
Edition number 21
099 ## - LOCAL FREE-TEXT CALL NUMBER (OCLC)
Classification number Law1 11 341.60493 BA . B 1912
100 1# - MAIN ENTRY--PERSONAL NAME
Personal name Ayala, Balthazar,
Dates associated with a name 1548-1584,
Relator term Author.
245 10 - TITLE STATEMENT
Title Balthazaris Ayalae i.c. et exercitus regii apud belgas supremi juridici De jure et officiis bellicis et disciplina militari libri III.<br/>
Number of part/section of a work Volume One /
Statement of responsibility, etc. Balthazar Ayala ; edited by John Westlake.
264 #1 - PRODUCTION, PUBLICATION, DISTRIBUTION, MANUFACTURE, AND COPYRIGHT NOTICE
Place of production, publication, distribution, manufacture Washington :
Name of producer, publisher, distributor, manufacturer Carnegie Institution of Washington,
Date of production, publication, distribution, manufacture, or copyright notice 1912.
300 ## - PHYSICAL DESCRIPTION
Extent Various paging :
Dimensions 24 cm.
Other physical details Photograph ;
336 ## - CONTENT TYPE
Source rda contenu
Content type term texte
337 ## - MEDIA TYPE
Source rda medias
Media type term Ordinateur
338 ## - CARRIER TYPE
Source transporteur rda
Carrier type term Ressource en ligne
490 0# - SERIES STATEMENT
Series statement The classics of international law.
500 ## - GENERAL NOTE
General note Text in Latin And introduction in English
504 ## - BIBLIOGRAPHY, ETC. NOTE
Bibliography, etc. note Bibliographic references
505 ## - FORMATTED CONTENTS NOTE
Formatted contents note vol. 1. Reproduction of the first edition, with introduction by John Westlake -- vol. 2. Translation of the text / by John Pawley Bate, with translator's note and index of citations
650 14 - SUBJECT ADDED ENTRY--TOPICAL TERM
Topical term or geographic name entry element Military law
General subdivision Public international law
Source of heading or term qrmak
651 1# - SUBJECT ADDED ENTRY--GEOGRAPHIC NAME
Source of heading or term qrmak
700 1# - ADDED ENTRY--PERSONAL NAME
Personal name Westlake, John,
Dates associated with a name 1828-1913,
Relator term editor.
856 40 - ELECTRONIC LOCATION AND ACCESS
Uniform Resource Identifier <a href="https://fll.law.cu.edu.eg/fulltext/bks/B11-05315.pdf">https://fll.law.cu.edu.eg/fulltext/bks/B11-05315.pdf</a>
905 ## - Cataloger and Reviser Names
Cataloger Name: Rawan khaled
Revisor Name: Hassnaa
942 ## - ADDED ENTRY ELEMENTS (KOHA)
Source of classification or shelving scheme Dewey Decimal Classification
Koha item type Books
Edition 21
Suppress in OPAC No
Holdings
Withdrawn status Lost status Source of classification or shelving scheme Damaged status Not for loan Collection Home library Current library Date acquired Total checkouts Full call number Barcode Date last seen Copy number Price effective from Koha item type
    Dewey Decimal Classification   Not for loan القانون الدولي العام جــــامعة القــاهرة مكتبة كلية الحقوق - المبنى الرئيسي 03.12.2025   Law1 11 341.60493 AY . B 1912 1105315 V1, C1 B11-05315 03.12.2025 1 03.12.2025 Books

© All rights reserved — Faculty of Law, Cairo University